Wersy polskich raperów - Statystyki

Ogólne statystyki
  • Ten quiz został rozwiązany 176 razy
    162 od ostatniego zresetowania
  • Średni wynik to 7 z 13
Statystyki odpowiedzi
Wers Raper % Poprawnych
"Z JBL-ka leci Saska Kępa 'skurwysynu zapamiętaj' Pamiętam jak stawiałem w TOI'U kloca" Mata
89%
"Ja-jadę furą przez Warszawę, słucham Edyty Bartosiewicz Mówią mi: „idź już na terapię”, nie wiem co ma to zmienić Nie wiem, co powie mi jakiś znachor, czego nie powie mi panna" Taco Hemingway
69%
"Co ty chcesz mi udowodnić? Sam coś sobie udowadniam Moje życie to jest pościg za tym czego pragnę, nie jebana bajka" Reto
63%
"Co w dodatku naruchał papier I mam wyjebane w rzeczy poza rapem Bez muzy popadam w depresję" Oki
62%
"Wiem, że na to nie wygląda Ale kocham małe kundle Czasami mogą mylić pozory" Sobel
56%
"Mąką mocno ujebani jak na korcie Ziomek Kiza w środku lata przyniósł jakiś snowflakes" Żabson
55%
"Znowu nie śpię bo mam miliony taktyk
I pomysłów jak się dostać na sam szczyt
Słuchaj bracie bo robimy to tak, żeby nie było, mam plan, także każdemu wystarczy
Znowu nie śpię bo mam miliony taktyk"
Kabe
50%
"Pozwól zatracić się w Tobie, może się dowiem czegoś nowego o sobie I wydam wszystko na fobie, bo nienawidzą nas za ten hajs i za nasze zdrowie" Kizo
47%
"Pokój idzie do remontu, ale zawsze możecie wrócić i mieszkać Zawsze jesteście tu mile widziani i proszę, by o tym pamiętać Nawet zakładając nowe rodziny, odwiedzajcie starych na święta" Solar
47%
"Ja wiem jak to jest się poświęcać dla kogoś, kto nic sobie z tego nie robi Szacunku nie kupisz, jeśli ktoś go nie ma dla ciebie to pora odchodzić" Białas
43%
"Dobry sen to podstawa
Pod łóżkiem temat, pod poduszką klamka
Proszę panie do tańca"
Malik Montana
43%
"Hola, hola ziom, potańczymy i nic więcej
Teraz chcę się bawić a nie kłócić z tobą bejbe
Nowy drop, ja nie zwalniam na zakręcie"
Bambi
31%
"Oni muszą mieć w klipie buldogiBo sami nie wychodzą groźnie" Young Igi
25%
Nie znaleziono quizów pasujących do podanych kryteriów
Rozkład punktacji
Procent ludzi z każdym wynikiem
Percentyl według liczby udzielonych odpowiedzi
Twoja historia wyników
Nie rozwiązałeś tego quizu od ostatniego zresetowania